Catholic University of Zimbabwe Library
Online Public Access Catalogue
(OPAC)

EIB Working Papers 2019/07 - What firms don't like about bank loans (Record no. 32552)

MARC details
000 -LEADER
fixed length control field 02614nam a22004097a 4500
003 - CONTROL NUMBER IDENTIFIER
control field KnowledgeUnlatched
005 - DATE AND TIME OF LATEST TRANSACTION
control field 20210303104748.0
006 - FIXED-LENGTH DATA ELEMENTS--ADDITIONAL MATERIAL CHARACTERISTICS
fixed length control field m o d
007 - PHYSICAL DESCRIPTION FIXED FIELD--GENERAL INFORMATION
fixed length control field cr u||||||||||
008 - FIXED-LENGTH DATA ELEMENTS--GENERAL INFORMATION
fixed length control field 210129p20192020xx o u00| u eng d
037 ## - SOURCE OF ACQUISITION
Institution to which field applies BiblioBoard
020 ## - INTERNATIONAL STANDARD BOOK NUMBER
International Standard Book Number 9789286143571
024 8# - OTHER STANDARD IDENTIFIER
Standard number or code https://doi.org/10.2867/215599
029 1# - OTHER SYSTEM CONTROL NUMBER (OCLC)
OCLC library identifier https://library.biblioboard.com/ext/api/media/3b466acd-349c-4000-8ec9-a31417e4604e/assets/thumbnail.jpg
040 ## - CATALOGING SOURCE
Original cataloging agency ScCtBLL
Transcribing agency ScCtBLL
100 1# - MAIN ENTRY--PERSONAL NAME
Personal name Ségol, Matthieu
Relator term author.
245 00 - TITLE STATEMENT
Title EIB Working Papers 2019/07 - What firms don't like about bank loans
Remainder of title New evidence from survey data /
Statement of responsibility, etc. Matthieu Ségol, European Investment Bank, Atanas Kolev, Laurent Maurin.
Number of part/section of a work Volume 2019/7
264 #1 - PRODUCTION, PUBLICATION, DISTRIBUTION, MANUFACTURE, AND COPYRIGHT NOTICE
Name of producer, publisher, distributor, manufacturer European Investment Bank,
300 ## - PHYSICAL DESCRIPTION
Extent 1 online resource (1 p.)
490 1# - SERIES STATEMENT
Series statement EIB Working Papers
506 0# - RESTRICTIONS ON ACCESS NOTE
Terms governing access Access copy available to the general public.
Standardized terminology for access restriction Unrestricted
Source of term star
520 ## - SUMMARY, ETC.
Summary, etc. We use the association between non-financial firms and their banks, an information available in the European Investment Bank Investment Survey (EIBIS), to disentangle the effects of borrowers' and lenders' financial weakness on the satisfaction with the loan contracted. The dataset matches survey data of non-financial firms about their satisfaction with bank lending with their financial data and the financial data of their banks. We find evidence of both demand and supply factors determining firm satisfaction with bank loan financing: non-financial firms with weaker finances and those financed by weaker banks are less satisfied with their bank financing. We also find that the impact of supply factors differs across regions within the EU: the effect of bank's financial weakness on borrower satisfaction is not significant in core countries but is in periphery countries.
588 0# - SOURCE OF DESCRIPTION NOTE
Source of description note Description based on print version record.
590 ## - LOCAL NOTE (RLIN)
Local note KU Open Services
650 #7 - SUBJECT ADDED ENTRY--TOPICAL TERM
Topical term or geographic name entry element Business & Economics / Finance
Source of heading or term bisacsh
650 #0 - SUBJECT ADDED ENTRY--TOPICAL TERM
Topical term or geographic name entry element Economics
655 #0 - INDEX TERM--GENRE/FORM
Genre/form data or focus term Electronic books.
700 1# - ADDED ENTRY--PERSONAL NAME
Personal name European Investment Bank
Relator term editor.
700 1# - ADDED ENTRY--PERSONAL NAME
Personal name Kolev, Atanas
Relator term author.
700 1# - ADDED ENTRY--PERSONAL NAME
Personal name Maurin, Laurent
Relator term author.
758 ## -
-- Is found in:
-- Knowledge Unlatched
-- https://openresearchlibrary.org/module/2774bc74-146a-484f-a7ba-ab1d6a09bbfb
830 0# - SERIES ADDED ENTRY--UNIFORM TITLE
Uniform title EIB Working Papers
856 40 - ELECTRONIC LOCATION AND ACCESS
Uniform Resource Identifier <a href="https://openresearchlibrary.org/content/3b466acd-349c-4000-8ec9-a31417e4604e">https://openresearchlibrary.org/content/3b466acd-349c-4000-8ec9-a31417e4604e</a>
Public note View this content on Open Research Library.
-- 0
Holdings
Withdrawn status Lost status Source of classification or shelving scheme Damaged status Not for loan Home library Current library Shelving location Date acquired Total Checkouts Date last seen Uniform Resource Identifier Price effective from Koha item type
          Digital Library Digital Library Online Access 03.03.2021   03.03.2021 https://openresearchlibrary.org/content/3b466acd-349c-4000-8ec9-a31417e4604e 03.03.2021 eBook

OPENING HOURS

Weekdays: 0815hrs - 1800hrs
Weekends:0900hrs - 1200hrs

Closed for Mass:

Mon, Thur: 1200hrs - 1300hrs
Sunday & Public Holiday’s

CALL SUPPORT

0242-570570, 0242-570169
09200664, +263 8644140602

LOCATION

18443, Cranborne Avenue, Hatfield, Harare

Other Links


©2021 | CUZ Library